000
00324nam a22001337a 4500
005
20160414050150.0
008
121025s2013 nyua 001 0 eng
020
_a
9780071769471
020
_a
0071769471
041
0
_a
eng
080
_a
658
245
1
0
_a
Manager's guide to navigating change /
_c
Stephen Rock.
942
_2
udc
_c
BK
999
_c
635
_d
635